• 首页
  • 本馆介绍
  • 公告通知
  • 最新文献
  • 馆藏检索
  • 电子资源
  • 读者导购
  • 参考咨询
  • 我的图书馆
  • 登录
  • 详细信息显示
  • 放入我的书架
  • 预约/预借图书
  • 作者相关作品
  • 分类相关作品
  • 丛书相关作品
  • 出版社相关作品

书目信息

  • 表格格式
  • 工作单格式
  • 卡片格式
题名:
运动医学
    
 
作者: 全国体育学院教材委员会 编
分册:  
出版信息: 北京   人民体育出版社  1990
页数: 408页
开本: 19cm
丛书名:
单 册:
中图分类: R87
科图分类:
主题词: 运动医学
电子资源:
ISBN: 7-5009-0437-1
000 00543nam0 2200205 450
005 20070618113548.95
010    @a7-5009-0437-1@dCNY12.00
100    @a20050221d1990 ekmy0chiy0120 ea
101 0  @achi
102    @aCN@b110000
105    @ay z 000yy
200 1  @a运动医学@f全国体育学院教材委员会编
210    @a北京@c人民体育出版社@d1990@h1998
215    @a408页@d19cm
300    @a体育学院通用教材
606 1  @a运动医学
690    @aR87@v4
701  0 @a全国体育学院教材委员会@4编
801  0 @aCN@bPFT@c20070618
905    @a10447@dR87@e11
    
    运动医学/全国体育学院教材委员会编.-北京:人民体育出版社,1990(1998)
    408页;19cm
    体育学院通用教材
    
    ISBN 7-5009-0437-1:CNY12.00
    
●
相关链接 在E读中查询图书 在五车中查询图书 在当当中查询图书 在豆瓣中查询图书


正题名:运动医学     索取号:R87/11         预约/预借

序号 登录号 条形码 馆藏地/架位号 状态 备注
1 0513708   205137083   第二样本阅览室/ [索取号:R87/11] 在馆    
2 0513709   205137092   密集书库/ [索取号:R87/11] 在馆    
3 0513710   205137109   密集书库/ [索取号:R87/11] 在馆    
4 0653770   206537700   库房3/ [索取号:R87/11] 在馆    
唐山师范学院图书馆 欢迎您!
大连网信软件有限公司© 版权所有